000 00654nam a2200289Ia 4500
005 20260324144745.0
008 008 260324s9999 xx 000 0 eng d
020 _a9780429297137
037 _aEBOOK
040 _aCRL
040 _beng
040 _cCRL
041 _2eng
041 _aeng
084 _qCRL
100 _aGerald M. Cohen
_91220500
245 0 _aTarget Organ Toxicity
245 0 _b2 volume set
260 _bTaylor and Francis
260 _c1986
365 _a
365 _b205
856 _uhttp://www.taylorfrancis.com/books/9780429297137
942 _cEBOOK
999 _c1827515
_d1827515